Movies Quiz

Random Movies or Oscar Quiz

Most Common Words - Oscar Speeches Quiz Stats

 Plays Quiz Updated Feb 23, 2013

Challenge
Share
Tweet
Embed
Score 0/50 Timer 08:00
0 Plays Today
Times Said Word % Correct
85I
97.1%
111Thank
97%
38A
96.2%
101You
91.6%
126The
88%
131To
83%
64My
72.2%
9An
69.5%
18Be
68.2%
24Me
61.2%
26We
61%
28Is
60.1%
43This
59.3%
15Like
58.8%
29So
58.3%
18Academy
58.2%
58For
57.1%
154And
56.7%
28It
52.7%
9Not, Was
52.2%
33In
52%
13On
48.5%
14Love
48.3%
56Of
48%
14Movie
46.5%
Times Said Word % Correct
31All
45.1%
11Wife
42.2%
11Film
39.4%
10Are
38.3%
13Have
37%
36Want
36.9%
21Who
35.6%
21That
35.2%
9If
34.1%
9Honor
34.1%
23With
33%
14Much
27.9%
14Us
26.3%
17Our
25.9%
19But
23.6%
14At
22.8%
10Work
22.8%
14Just
22.8%
20Here
20%
11Up
18.7%
11Very
18.1%
11Know
16%
10Life
15.7%
11Because
13.3%
12Tonight
12.7%

You're not logged in!

Compare scores with friends on all Sporcle quizzes.
OR
Log In

You Might Also Like...

Show Comments

Extras

Top Quizzes Today


Score Distribution

Your Account Isn't Verified!

In order to create a playlist on Sporcle, you need to verify the email address you used during registration. Go to your Sporcle Settings to finish the process.

Report this User

Report this user for behavior that violates our Community Guidelines.

Details: